000 00548nam a2200181Ia 4500
008 090124s9999 xx 000 0 und d
082 _b45077
100 _aकामत विठ्ठल
245 _a उदयोजक होणारच मी !
250 _a1
260 _c2006
300 _a228
600 _aकामत विठ्ठल
630 _a उदयोजक होणारच मी !
700 _aकामत विठ्ठल
730 _a उदयोजक होणारच मी !
942 _cBOOK
999 _c111362
_d111362